00538nam a2200193 a 4500001001300000003000900013005001700022008004100039020001000080082001500090100001800105245008000123260004400203300000800247500003500255505001700290650001900307700001800326nice12345678IN_TiNIC20260116013006.0050524s1939 seoa grp 000 0 urd  ac10000a297.4bJAB aJabbar, Abdul aDars-E-Ibrat, Andalus Ke Ek Mashhoor Aalam Aur Buzrug Ka Nehayat Ibrat Khai aSeohara Bijnoor)bMaktaba Islamiac1939 a16p aincludes index and biblioraphy2 aPart 1 and 2 aStories-Sufism1 aJabbar, Abdul